Science and change 1500-1700

שמור ב:
מידע ביבליוגרפי
מחבר ראשי: Kearney, Hugh
פורמט: ספר
שפה:Undetermined
יצא לאור: New York World University Library 1971
נושאים:
תגים: הוספת תג
אין תגיות, היה/י הראשונ/ה לתייג את הרשומה!
Thư viện lưu trữ: Trung tâm Học liệu Trường Đại học Cần Thơ
LEADER 00493nam a2200193Ia 4500
001 CTU_80802
008 210402s9999 xx 000 0 und d
082 |a 509 
082 |b K25 
100 |a Kearney, Hugh 
245 0 |a Science and change 1500-1700 
245 0 |c Hugh Kearney 
260 |a New York 
260 |b World University Library 
260 |c 1971 
650 |a Science 
650 |x History 
904 |i Trọng Hải 
980 |a Trung tâm Học liệu Trường Đại học Cần Thơ